| 000 | 00324nam a2200109 4500 | ||
|---|---|---|---|
| 999 |
_c13632 _d13632 |
||
| 008 | 190329b ||||| |||| 00| 0 eng d | ||
| 245 | _aDOH seeks better guidelines in health research, data sharing. | ||
| 260 |
_aPhilippines _bThe Philippine Star _cc2018 |
||
| 300 | _apage B5. | ||
| 650 | 0 |
_937970 _aPrivacy. |
|
| 942 |
_2ddc _cPER |
||